Aritmética (Registro nro. 14282)
[ vista simple ]
| 000 -Cabecera | |
|---|---|
| Campo de control interno | 00386nam a2200181Ia 4500 |
| 005 - Fecha y hora del registro | |
| control field | 20260306164902.0 |
| 008 - Elementos de Longitud Fija | |
| fixed length control field | 260306t2007||||xx |||||||||||||| ||spa|| |
| 041 ## - Idioma | |
| Codigo Idioma | ESP |
| 082 ## - DEWEY y NOTACIÓN INTERNA | |
| Dewey | 511.074 |
| Notación Interna | B17 |
| 100 ## - AUTOR | |
| Autor denominación | Baldor, Aurelio |
| Término de relación | autor |
| 245 #0 - TÍTULO DE MATERIAL BIBLIOGRÁFICO | |
| Título | Aritmética |
| 260 ## - CIUDAD, EDITORIAL, AÑO | |
| Año | 2007 |
| 300 ## - DESCRIPCIÓN | |
| N° Páginas | |
| Dimensiones | |
| 650 ## - TEMAS | |
| Temas | Generalidades |
| 654 ## - PROGRAMAS | |
| Programa | Dpto. de Matemáticas |
| 942 ## - ELEMENTOS DE KOHA | |
| Tipo de documento | Libro |
| Nombre del creador | Justo Noguera |
| Código de catalogador | Justo Noguera |
| Esquema de clasificación | Dewey Decimal Classification |
| Suppress in OPAC | |
| Codigo completo | Registro | Colección | Copia número | Disponibilidad | Tipo de préstamo | Biblioteca Actual | Procedencia (Biblioteca) | Ubicacón | Fecha Ingreso | Tipo de Adquisición | Date last seen | Total checkouts | Price effective from | Tipo de Item | Estado del Material | Fuente de Clasificación | Damaged status | Withdrawn status |
|---|---|---|---|---|---|---|---|---|---|---|---|---|---|---|---|---|---|---|
| 511.074 B17 | 1004868 | Universidad Católica San Pablo | 5 | Disponible | Disponible | Víctor Andrés Belaunde | Víctor Andrés Belaunde | Segundo piso | 03/06/2026 | Compra | 06/03/2026 | 06/03/2026 | Libro | Bueno | Dewey Decimal Classification |




